| 000 | 00539 a2200205 4500 | ||
|---|---|---|---|
| 005 | 20260401121322.0 | ||
| 008 | 260324b |||||||| |||| 00| 0 eng d | ||
| 020 |
_a9789349557550 _cRs. 1950.00 |
||
| 040 | _aMAIN | ||
| 082 |
_a930.10954 _bM414A |
||
| 100 | _aMadhukar Shripad Mate | ||
| 245 | _aArchaeology of medieval India | ||
| 250 | _a | ||
| 260 |
_bB R Publishing Corporation _c2026 _aNew Delhi |
||
| 300 | _aviii,107 | ||
| 650 | _aArchoeology | ||
| 650 | _aMedieval-India | ||
| 650 | _aHistory-Ancient World | ||
| 942 | _cBK | ||
| 999 |
_c394814 _d394814 |
||